LDR 00750naa#a2200193#i#450# 001 EN\\bibl\117800 005 20260603151705.3 011 ## _a2500-4026 100 ## _a20240329b2024####ek#y0engy0150####ca 101 0# _aRUS 102 ## _aRU 200 1# _aCLIMATIC NORMS OF THUNDERSTORMS RECURRENCE OVER SIBERIAN CITIES FOR THE MONTHS OF THE FIRE-DANGEROUS SEASON UNDER MODERN CLIMATE WARMING _eJournal article 210 1# _aZheleznogorsk _cFSBEE HE Siberian Fire and Rescue Academy EMERCOM of Russia _d2024 215 ## _a13 с. 608 ## _aJournal article _2local 675 ## _aМеханика деформируемых тел. Упругость. Деформации. 539.3 _zRUS 700 #1 _aKHoloptsev _gA V 700 #1 _aSedov _gD V 856 4# _aapbt-sibpsa.editorum.ru _u